[Event "Quebec-ch Elite"]
[Site "Montreal CAN"]
[Date "2010.05.09"]
[Round "4"]
[White "Poulin, Mathieu"]
[Black "Bouchard, Jean-Marc"]
[Result "1-0"]
[WhiteElo "1984"]
[BlackElo "1808"]
[PlyCount "97"]
[EventDate "2010.05.07"]
[EventType "swiss"]
[EventRounds "5"]
[EventCountry "CAN"]

1. d4 e6 2. c4 d5 3. Nc3 Nf6 4. cxd5 exd5 5. Bg5 Be7 6. e3 c6 7. Bd3 h6 8. Bh4
Nbd7 9. Qc2 g5 10. Bg3 Nh5 11. Nge2 Nxg3 12. Nxg3 Nf8 13. O-O h5 14. Rfe1 Be6
15. Nf5 Qd7 16. Ng7+ Kd8 17. Rad1 Bb4 18. a3 Bxc3 19. bxc3 Rc8 20. e4 Kc7 21.
Rb1 dxe4 22. Bxe4 Kb8 23. Nf5 Ng6 24. Ne3 Ne7 25. Bd3 Ka8 26. Rb2 Rc7 27. Nc4
Bxc4 28. Bxc4 c5 29. dxc5 Rxc5 30. Bxf7 Nc6 31. Bg6 Qg7 32. c4 Ne5 33. Be4 Rxc4
34. Rxb7 Rxe4 35. Qxe4 Qxb7 36. Qxe5 Rb8 37. Qxg5 Qe4 38. Qe3 Qxe3 39. fxe3 Rb3
40. e4 Rxa3 41. e5 Rd3 42. e6 Rd8 43. e7 Re8 44. Kf2 Kb7 45. Kg3 a5 46. Kh4 Kc6
47. Kg5 Kd7 48. Kf6 Rh8 49. Kg7 1-0

[Event "Quebec-ch Elite"]
[Site "Montreal CAN"]
[Date "2010.05.09"]
[Round "4"]
[White "Prahov, Valentin"]
[Black "Sambuev, Bator"]
[Result "0-1"]
[WhiteElo "2184"]
[BlackElo "2564"]
[PlyCount "74"]
[EventDate "2010.05.07"]
[EventType "swiss"]
[EventRounds "5"]
[EventCountry "CAN"]

1. e4 e6 2. d4 d5 3. e5 c5 4. c3 Nc6 5. Nf3 Qb6 6. a3 Nh6 7. b4 cxd4 8. cxd4
Nf5 9. Be3 Bd7 10. Bd3 Rc8 11. Bxf5 exf5 12. O-O Be7 13. Qd3 O-O 14. Nc3 Be6
15. Na4 Qd8 16. Nc5 b6 17. Nxe6 fxe6 18. Rfc1 Qd7 19. Rc3 a5 20. b5 Na7 21. a4
Rxc3 22. Qxc3 Rc8 23. Qb3 h6 24. Rc1 Rxc1+ 25. Bxc1 Qc7 26. Bd2 Nc8 27. Qc3 Qc4
28. Qxc4 dxc4 29. Kf1 Ba3 30. Bc3 Ne7 31. Nd2 Nd5 32. Nxc4 Nxc3 33. Nxa3 Nxa4
34. Nc4 Nc3 35. Nxb6 a4 36. Nxa4 Nxa4 37. Ke2 Nc3+ 0-1

[Event "Quebec-ch Elite"]
[Site "Montreal CAN"]
[Date "2010.05.09"]
[Round "4"]
[White "Rainfray, Arnaud"]
[Black "Castellanos, Renier"]
[Result "1/2-1/2"]
[WhiteElo "2405"]
[BlackElo "2422"]
[PlyCount "130"]
[EventDate "2010.05.07"]
[EventType "swiss"]
[EventRounds "5"]
[EventCountry "CAN"]

1. e4 c5 2. Nf3 e6 3. d4 cxd4 4. Nxd4 a6 5. Nc3 Qc7 6. g3 Bb4 7. Bd2 Nc6 8. Nb3
Nf6 9. Bg2 O-O 10. O-O Be7 11. f4 d6 12. a4 b6 13. g4 Re8 14. g5 Nd7 15. Qh5 g6
16. Qh4 Bf8 17. Rf3 Rb8 18. Rh3 h6 19. gxh6 Kh7 20. Rf1 Be7 21. Qf2 b5 22. axb5
axb5 23. e5 dxe5 24. fxe5 Ncxe5 25. Ne4 f5 26. Ng5+ Bxg5 27. Bxg5 Bb7 28. Rc3
Qd6 29. Bf4 Bxg2 30. Qxg2 Rbc8 31. Qb7 Rxc3 32. bxc3 Qc6 33. Qxc6 Nxc6 34. Rd1
Nf6 35. Rd6 Nd5 36. Bg5 Ne5 37. Nd4 Nxc3 38. Rb6 Rf8 39. Nxe6 Rf7 40. Kg2 Ng4
41. Bc1 Ne4 42. Rb8 g5 43. h4 gxh4 44. Nf8+ Kg8 45. Ne6+ Kh7 46. Nf8+ Kg8 47.
h7+ Kh8 48. Bb2+ Ngf6 49. Bxf6+ Nxf6 50. Ne6+ Kxh7 51. Ng5+ Kg6 52. Nxf7 Kxf7
53. Rxb5 Ke6 54. Kh3 Nd5 55. Kxh4 Ne3 56. Rc5 Kd6 57. Rc3 Nd5 58. Rf3 f4 59.
Kg5 Kc5 60. Kf5 Kd4 61. Ke6 Ke4 62. Rf2 Ne3 63. Kd6 f3 64. Kc5 Ng4 65. Rf1 Ne3
1/2-1/2

[Event "Quebec-ch Elite"]
[Site "Montreal CAN"]
[Date "2010.05.09"]
[Round "4"]
[White "Ramaswamy, Kishor"]
[Black "Giroux, Robert"]
[Result "1-0"]
[WhiteElo "2200"]
[BlackElo "1776"]
[PlyCount "85"]
[EventDate "2010.05.07"]
[EventType "swiss"]
[EventRounds "5"]
[EventCountry "CAN"]

1. d4 Nf6 2. Nf3 e6 3. Bg5 h6 4. Bh4 c5 5. c3 Be7 6. e3 cxd4 7. exd4 O-O 8.
Nbd2 b6 9. Bd3 Bb7 10. O-O g5 11. Bg3 Nd5 12. Nc4 d6 13. Qe2 Qd7 14. Nfd2 f5
15. f3 Na6 16. Nxd6 Bxd6 17. Bxa6 Bxa6 18. Qxa6 Bxg3 19. hxg3 Ne3 20. Rf2 e5
21. dxe5 Qd5 22. Re1 f4 23. g4 Rf7 24. Ne4 Qxe5 25. Rd2 Raf8 26. Qd3 Kg7 27.
Nd6 Qc5 28. Nxf7 Rxf7 29. Qd4+ Qxd4 30. cxd4 Rd7 31. b3 Kf7 32. Kf2 Ke6 33. g3
Kd5 34. gxf4 gxf4 35. Rh1 Rd6 36. Rh5+ Kc6 37. Re5 Nd5 38. Rde2 Kd7 39. R2e4
Nb4 40. Re7+ Kc6 41. d5+ Nxd5 42. Rc4+ Kb5 43. Rxa7 1-0

[Event "Quebec-ch Elite"]
[Site "Montreal CAN"]
[Date "2010.05.09"]
[Round "4"]
[White "Sasseville, Jean"]
[Black "Le Duin, Thierry"]
[Result "1-0"]
[WhiteElo "1999"]
[BlackElo "2036"]
[PlyCount "111"]
[EventDate "2010.05.07"]
[EventType "swiss"]
[EventRounds "5"]
[EventCountry "CAN"]

1. Nf3 Nc6 2. d4 d5 3. c4 Bg4 4. cxd5 Qxd5 5. Nc3 Qa5 6. d5 O-O-O 7. Bd2 Bxf3
8. gxf3 Nb4 9. e4 Qc5 10. Rc1 Na6 11. Qa4 Qb4 12. Bxa6 Qxa4 13. Bxb7+ Kxb7 14.
Nxa4 e6 15. dxe6 fxe6 16. Ke2 Nf6 17. Nc5+ Bxc5 18. Rxc5 Rd7 19. Rb5+ Ka8 20.
Be3 Rb8 21. Rxb8+ Kxb8 22. Rd1 Rxd1 23. Kxd1 Nd7 24. Bd4 g6 25. Ke2 a6 26. Ke3
e5 27. Bc3 g5 28. Kd3 Kb7 29. Kc4 c6 30. Bd2 h6 31. Be3 Kc7 32. Bc5 Kb7 33. b4
Kc7 34. a4 Kb7 35. b5 axb5+ 36. axb5 cxb5+ 37. Kxb5 Kc7 38. h3 Nf6 39. Bf8 h5
40. Bg7 Nd7 41. Bh6 Kd6 42. Bxg5 Nf8 43. Be3 Ng6 44. Bg5 Nf8 45. Kc4 Ng6 46.
Be3 Kc6 47. Kd3 Kd6 48. Bh6 Nh8 49. f4 Nf7 50. fxe5+ Kxe5 51. f4+ Kf6 52. Bf8
Nd8 53. Bc5 Ne6 54. Bd4+ Kf7 55. Ke3 Ke7 56. h4 1-0

[Event "Quebec-ch Elite"]
[Site "Montreal CAN"]
[Date "2010.05.09"]
[Round "4"]
[White "Zhu, Hong Rui"]
[Black "Fareh, Youness"]
[Result "1-0"]
[WhiteElo "1807"]
[BlackElo "2129"]
[PlyCount "73"]
[EventDate "2010.05.07"]
[EventType "swiss"]
[EventRounds "5"]
[EventCountry "CAN"]

1. e4 c5 2. Nf3 Nc6 3. d4 cxd4 4. Nxd4 Nf6 5. Nc3 e6 6. a3 Be7 7. Be3 O-O 8.
Be2 a6 9. O-O Qc7 10. Qd2 Ne5 11. h3 Nc4 12. Bxc4 Qxc4 13. e5 Nd5 14. Nxd5 Qxd5
15. Nf3 Qxd2 16. Nxd2 d6 17. exd6 Bxd6 18. Nc4 Bc7 19. Bb6 Bxb6 20. Nxb6 Rb8
21. Rfe1 f6 22. f4 e5 23. fxe5 fxe5 24. Rxe5 Bf5 25. c3 Rbd8 26. Rf1 g6 27. Re7
Rd2 28. Rf2 Rxf2 29. Kxf2 Be4+ 30. Kg3 Bc6 31. Nc4 Rf5 32. Re5 Rf6 33. Na5 Kf7
34. Rc5 Rd6 35. Nxb7 Rd3+ 36. Kh2 Be4 37. Rc7+ 1-0

[Event "Quebec-ch Elite"]
[Site "Montreal CAN"]
[Date "2010.05.09"]
[Round "5"]
[White "Bolduc, Steve"]
[Black "Ramaswamy, Kishor"]
[Result "1-0"]
[WhiteElo "2247"]
[BlackElo "2200"]
[PlyCount "69"]
[EventDate "2010.05.07"]
[EventType "swiss"]
[EventRounds "5"]
[EventCountry "CAN"]

1. c4 c6 2. Nc3 d5 3. e3 Nf6 4. Nf3 a6 5. b3 Bg4 6. h3 Bh5 7. g4 Bg6 8. Ne5
Nbd7 9. Nxg6 hxg6 10. Bg2 e6 11. cxd5 cxd5 12. Bb2 g5 13. O-O Bd6 14. Ne2 Nxg4
15. f4 gxf4 16. hxg4 fxe3 17. Rf3 Ne5 18. Bxe5 Bxe5 19. d4 Bh2+ 20. Kf1 Qg5 21.
Qc1 Qxg4 22. Qxe3 Rc8 23. Rc1 Ke7 24. Rc3 Bd6 25. Rxc8 Rxc8 26. Nc3 Qh5 27.
Nxd5+ Qxd5 28. Rxf7+ Kxf7 29. Bxd5 exd5 30. Qf3+ Ke7 31. Qxd5 Rc7 32. Qg8 Kf6
33. Qd8+ Ke6 34. Ke2 Rd7 35. d5+ 1-0

[Event "Quebec-ch Elite"]
[Site "Montreal CAN"]
[Date "2010.05.09"]
[Round "5"]
[White "Clyde, Jordan"]
[Black "Sasseville, Jean"]
[Result "1-0"]
[WhiteElo "1899"]
[BlackElo "1999"]
[PlyCount "120"]
[EventDate "2010.05.07"]
[EventType "swiss"]
[EventRounds "5"]
[EventCountry "CAN"]

1. c4 Nf6 2. Nc3 g6 3. Nf3 Bg7 4. d3 O-O 5. g3 d6 6. Bg2 e5 7. O-O h6 8. Rb1 c6
9. Ne1 Be6 10. Nc2 d5 11. cxd5 cxd5 12. d4 e4 13. Na4 Nc6 14. Nc5 Bc8 15. Bd2
b6 16. Nb3 a5 17. a4 Ba6 18. Nc1 Nd7 19. Na2 Kh7 20. Bf4 Qf6 21. Bh3 Ra7 22.
Be3 Qe7 23. Nc3 Nf6 24. Na3 Bc8 25. Bxc8 Rxc8 26. Nab5 Rd7 27. Rc1 Ng4 28. Qb3
Nxe3 29. fxe3 Nb4 30. Nxd5 Nxd5 31. Rxc8 Qg5 32. Re8 f5 33. Rf4 h5 34. Kg2
Nxf4+ 35. exf4 Qg4 36. Qe3 h4 37. h3 Qxg3+ 38. Qxg3 hxg3 39. e3 Bf6 40. Kxg3
Be7 41. Rc8 Bb4 42. Rc7 Rxc7 43. Nxc7 Be1+ 44. Kg2 Kh6 45. Nd5 g5 46. fxg5+
Kxg5 47. Kf1 Bg3 48. Ke2 Bd6 49. Nxb6 Kh4 50. Nc4 Bc7 51. d5 Kxh3 52. d6 Bd8
53. d7 Kg3 54. Nd6 f4 55. exf4 Kxf4 56. Nf7 Bf6 57. d8=Q Bxd8 58. Nxd8 Ke5 59.
Nc6+ Kd5 60. Nxa5 Kc5 1-0

[Event "Quebec-ch Elite"]
[Site "Montreal CAN"]
[Date "2010.05.09"]
[Round "5"]
[White "Desjardins, Michel"]
[Black "Gras, Guillaume"]
[Result "1/2-1/2"]
[WhiteElo "2001"]
[BlackElo "2104"]
[PlyCount "60"]
[EventDate "2010.05.07"]
[EventType "swiss"]
[EventRounds "5"]
[EventCountry "CAN"]

1. e4 c5 2. Nc3 Nc6 3. g3 g6 4. Bg2 Bg7 5. d3 d6 6. Be3 Nh6 7. h3 f5 8. Qd2 Nf7
9. f4 Nd4 10. Nd1 e5 11. c3 Ne6 12. Ne2 O-O 13. Nf2 Rb8 14. O-O b5 15. a3 Bb7
16. b4 Qc7 17. Rfc1 a6 18. Ra2 Rbe8 19. a4 Qb8 20. axb5 axb5 21. Ra5 Nd4 22.
Bxd4 exd4 23. cxd4 fxe4 24. dxe4 cxd4 25. Nxd4 d5 26. e5 Nxe5 27. Rxb5 Qa7 28.
Rxb7 Qxb7 29. fxe5 Rxe5 30. Nc6 Ref5 1/2-1/2

[Event "Quebec-ch Elite"]
[Site "Montreal CAN"]
[Date "2010.05.09"]
[Round "5"]
[White "Gauthier, Denis"]
[Black "Forget, David"]
[Result "0-1"]
[WhiteElo "1867"]
[BlackElo "1905"]
[PlyCount "75"]
[EventDate "2010.05.07"]
[EventType "swiss"]
[EventRounds "5"]
[EventCountry "CAN"]

1. d4 d5 2. c4 c6 3. Nf3 dxc4 4. e3 b5 5. a4 e6 6. Nc3 Bb4 7. Bd2 a5 8. axb5
Bxc3 9. Bxc3 cxb5 10. b3 Bb7 11. bxc4 b4 12. Bb2 Nf6 13. Bd3 O-O 14. O-O Nbd7
15. Re1 Be4 16. Bxe4 Nxe4 17. Qc2 Ndf6 18. Ne5 Qc7 19. f3 Nd6 20. e4 Nd7 21.
Nxd7 Qxd7 22. c5 Nb5 23. Qc4 Nc7 24. c6 Qd6 25. Red1 Rfb8 26. d5 exd5 27. exd5
Rb5 28. Be5 Qxe5 29. d6 Ne6 30. c7 Rc5 31. Qxb4 Nxc7 32. Qb7 Re8 33. d7 Rd8 34.
Re1 Qd4+ 35. Kf1 Qxd7 36. Rad1 Qxd1 37. Rxd1 Rxd1+ 38. Ke2 0-1

[Event "Quebec-ch Elite"]
[Site "Montreal CAN"]
[Date "2010.05.09"]
[Round "5"]
[White "Gulko, Andrei"]
[Black "Ah-Lan, Kenny"]
[Result "1-0"]
[WhiteElo "2180"]
[BlackElo "2001"]
[PlyCount "67"]
[EventDate "2010.05.07"]
[EventType "swiss"]
[EventRounds "5"]
[EventCountry "CAN"]

1. d4 Nf6 2. Bg5 c5 3. d5 Qb6 4. Nc3 d6 5. e4 Nbd7 6. Qc1 g6 7. Nf3 Bg7 8. Nd2
a6 9. a4 Qc7 10. Nc4 Ng4 11. h3 Bxc3+ 12. bxc3 Ngf6 13. Bd3 b6 14. f4 Rb8 15.
Nd2 O-O 16. c4 Re8 17. Qb2 Kg7 18. g4 h6 19. Bh4 Kh7 20. Qc3 Ng8 21. Bg3 Nf8
22. e5 e6 23. O-O Bb7 24. Be4 Rbd8 25. f5 exd5 26. exd6 Qd7 27. fxg6+ Nxg6 28.
cxd5 Rxe4 29. Nxe4 Bxd5 30. Nf6+ Nxf6 31. Qxf6 Re8 32. Rfe1 Rxe1+ 33. Bxe1 Ba8
34. Bc3 1-0

[Event "Quebec-ch Elite"]
[Site "Montreal CAN"]
[Date "2010.05.09"]
[Round "5"]
[White "Lange, David"]
[Black "Fareh, Youness"]
[Result "1/2-1/2"]
[WhiteElo "1966"]
[BlackElo "2129"]
[PlyCount "87"]
[EventDate "2010.05.07"]
[EventType "swiss"]
[EventRounds "5"]
[EventCountry "CAN"]

1. d4 Nf6 2. c4 g6 3. Nc3 Bg7 4. Nf3 d6 5. e3 O-O 6. Be2 Nbd7 7. O-O e5 8. dxe5
Nxe5 9. Nxe5 dxe5 10. b3 Bf5 11. Bb2 c6 12. b4 Qc7 13. Qb3 e4 14. h3 h5 15.
Rfd1 Nd7 16. g4 hxg4 17. hxg4 Be6 18. Nxe4 Ne5 19. g5 Rfd8 20. f4 Bg4 21. Bxg4
Nxg4 22. Bxg7 Kxg7 23. Qc3+ Kg8 24. Nf6+ Nxf6 25. Qxf6 Qc8 26. Kf2 Rxd1 27.
Rxd1 Qh3 28. Rd8+ Rxd8 29. Qxd8+ Kg7 30. Qd2 Qh2+ 31. Ke1 Qg1+ 32. Ke2 b6 33.
c5 b5 34. Kd3 Qb1+ 35. Kd4 Qf5 36. e4 Qd7+ 37. Ke3 Qe6 38. Kd3 Qc4+ 39. Ke3 Kh7
40. a3 Qf1 41. Qd3 Qc1+ 42. Kf3 Qh1+ 43. Kf2 Qh2+ 44. Kf3 1/2-1/2

[Event "Quebec-ch Elite"]
[Site "Montreal CAN"]
[Date "2010.05.09"]
[Round "5"]
[White "Libersan, Thierry"]
[Black "Leveille, Francois"]
[Result "1-0"]
[WhiteElo "2113"]
[BlackElo "2304"]
[PlyCount "133"]
[EventDate "2010.05.07"]
[EventType "swiss"]
[EventRounds "5"]
[EventCountry "CAN"]

1. e4 c5 2. Nf3 Nc6 3. d4 cxd4 4. Nxd4 Nf6 5. Nc3 e5 6. Ndb5 d6 7. Bg5 a6 8.
Na3 b5 9. Nd5 Be7 10. Bxf6 Bxf6 11. c3 Bg5 12. Nc2 Ne7 13. Ncb4 O-O 14. h4 Nxd5
15. Nxd5 Be7 16. a4 bxa4 17. Rxa4 Bb7 18. Bc4 a5 19. g3 Bc6 20. Ra2 Kh8 21. Qd3
Rb8 22. b3 Rb7 23. O-O g6 24. Rfa1 a4 25. b4 f5 26. b5 fxe4 27. Qe2 Bxd5 28.
Bxd5 Ra7 29. Rxa4 Rxa4 30. Rxa4 Qb6 31. Bxe4 d5 32. Ra6 Qd8 33. Bxg6 Bf6 34.
Bxh7 Kxh7 35. Ra7+ Bg7 36. Qxe5 Qf6 37. Qh5+ Qh6 38. Qxd5 Qc1+ 39. Kg2 Qxc3 40.
Qe4+ Kh8 41. Ra8 Rxa8 42. Qxa8+ Kh7 43. Qe4+ Kh8 44. b6 Qb2 45. b7 Be5 46. h5
Kg7 47. g4 Kf6 48. Qf3+ Kg5 49. Kh3 Qb1 50. Qe3+ Kf6 51. Qh6+ Ke7 52. Qg5+ Bf6
53. Qc5+ Kf7 54. Qc7+ Ke6 55. b8=Q Qf1+ 56. Kg3 Qg1+ 57. Kf3 Qh1+ 58. Ke3 Qe1+
59. Kd3 Qd1+ 60. Ke3 Qe1+ 61. Kf3 Qh1+ 62. Ke2 Qe4+ 63. Kd2 Qd4+ 64. Kc2 Qe4+
65. Kb3 Qd3+ 66. Ka4 Qe4+ 67. Qb4 1-0

[Event "Quebec-ch Elite"]
[Site "Montreal CAN"]
[Date "2010.05.09"]
[Round "5"]
[White "Poulin, Mathieu"]
[Black "Chiffot, Nicolas"]
[Result "1/2-1/2"]
[WhiteElo "1984"]
[BlackElo "2100"]
[PlyCount "68"]
[EventDate "2010.05.07"]
[EventType "swiss"]
[EventRounds "5"]
[EventCountry "CAN"]

1. d4 d5 2. c4 e5 3. dxe5 d4 4. Nf3 Nc6 5. g3 Nge7 6. Bg2 Ng6 7. O-O Ngxe5 8.
b3 g6 9. Bb2 Bg7 10. Na3 Nxf3+ 11. Bxf3 O-O 12. Be4 Re8 13. Bd3 Bg4 14. Qd2 Qe7
15. Rfe1 Qb4 16. Qf4 h5 17. Nc2 Qc5 18. Ba3 Qe5 19. Bc1 Re7 20. f3 Bh3 21. Qxe5
Nxe5 22. Ba3 Ree8 23. Rad1 Nxd3 24. exd3 Bf5 25. Kf2 Bf6 26. Bc5 Rxe1 27. Kxe1
Rd8 28. Bxa7 Ra8 29. Bxd4 Bxd4 30. Nxd4 Rxa2 31. Nxf5 gxf5 32. Rd2 Ra1+ 33. Kf2
Rb1 34. Ke3 Kg7 1/2-1/2

[Event "Quebec-ch Elite"]
[Site "Montreal CAN"]
[Date "2010.05.09"]
[Round "5"]
[White "Robichaud, Louis"]
[Black "Prahov, Valentin"]
[Result "0-1"]
[WhiteElo "2007"]
[BlackElo "2184"]
[PlyCount "106"]
[EventDate "2010.05.07"]
[EventType "swiss"]
[EventRounds "5"]
[EventCountry "CAN"]

1. e4 c5 2. Nc3 e6 3. g3 Nc6 4. Bg2 g6 5. d3 Bg7 6. Be3 d6 7. Nge2 Nd4 8. O-O
Rb8 9. Bxd4 cxd4 10. Nb5 Qb6 11. a4 a6 12. Na3 Qxb2 13. Qd2 Qb6 14. Rfb1 Qc5
15. Rb4 Ne7 16. Rc4 Qa7 17. a5 Nc6 18. Rb1 O-O 19. Ra4 Bd7 20. Nc4 Ne5 21. Rab4
Nxc4 22. Rxc4 b5 23. axb6 Rxb6 24. Ra1 Rfb8 25. h3 Rb1+ 26. Rxb1 Rxb1+ 27. Kh2
a5 28. c3 dxc3 29. Nxc3 Rb4 30. Qa2 Qb6 31. Nd1 h5 32. Rc2 a4 33. Bf3 Rb3 34.
Be2 Kh7 35. Kg2 Bc6 36. h4 d5 37. f3 Bb5 38. Nf2 Bd4 39. Bf1 Kg7 40. Rd2 Qc5
41. exd5 exd5 42. Nh3 Qa3 43. Qxa3 Rxa3 44. Be2 Rb3 45. Bd1 Rb2 46. Rxb2 Bxb2
47. Nf4 d4 48. Kf2 Bc1 49. Nd5 a3 50. Bb3 Bxd3 51. Ke1 Bc2 52. Bc4 d3 53. Nc3
Kf6 0-1

[Event "Quebec-ch Elite"]
[Site "Montreal CAN"]
[Date "2010.05.09"]
[Round "5"]
[White "Rousseau, Daniel"]
[Black "Masse, Hugues"]
[Result "1-0"]
[WhiteElo "2166"]
[BlackElo "2240"]
[PlyCount "125"]
[EventDate "2010.05.07"]
[EventType "swiss"]
[EventRounds "5"]
[EventCountry "CAN"]

1. e4 e6 2. d4 d5 3. Nc3 Nf6 4. e5 Nfd7 5. f4 c5 6. Nf3 Nc6 7. Be3 cxd4 8. Nxd4
Bc5 9. Qd2 O-O 10. h4 a6 11. O-O-O Nxd4 12. Bxd4 b5 13. Rh3 b4 14. Na4 Bxd4 15.
Qxd4 a5 16. Bb5 Rb8 17. Bxd7 Bxd7 18. Nc5 Bb5 19. f5 exf5 20. e6 Qd6 21. Re3
Rbc8 22. exf7+ Rxf7 23. Ne6 Re7 24. Nf4 Rxe3 25. Qxe3 Qc6 26. Qe6+ Qxe6 27.
Nxe6 Bc6 28. Nd4 Bd7 29. Nf3 Bc6 30. Re1 g6 31. g3 Rc7 32. Nd4 Kf7 33. Re6 Bb7
34. Rb6 Bc8 35. Kd2 Rc4 36. Ke3 h6 37. Rc6 Bb7 38. Rb6 Bc8 39. Rd6 Rc5 40. Kf4
a4 41. Ke5 a3 42. bxa3 bxa3 43. Rc6 Rxc6 44. Nxc6 g5 45. hxg5 hxg5 46. Nd4 Kg6
47. c3 Kh5 48. Nxf5 Kg4 49. Ne3+ Kxg3 50. Kxd5 Kf3 51. Kd4 Ke2 52. c4 Kd2 53.
c5 g4 54. c6 Kc1 55. Kc3 g3 56. Kb3 Ba6 57. c7 Kd2 58. Nf1+ Kd3 59. Nxg3 Kd4
60. Nf5+ Kc5 61. Ne7 Kd6 62. c8=Q Bxc8 63. Nxc8+ 1-0

[Event "Quebec-ch Elite"]
[Site "Montreal CAN"]
[Date "2010.05.09"]
[Round "5"]
[White "Sambuev, Bator"]
[Black "Rainfray, Arnaud"]
[Result "1-0"]
[WhiteElo "2564"]
[BlackElo "2405"]
[PlyCount "37"]
[EventDate "2010.05.07"]
[EventType "swiss"]
[EventRounds "5"]
[EventCountry "CAN"]

1. c4 e6 2. d4 d5 3. Nc3 Bb4 4. e3 c5 5. Nf3 Ne7 6. Qc2 Nbc6 7. dxc5 Bxc5 8. a3
a6 9. b4 Ba7 10. Bb2 dxc4 11. Rd1 Qc7 12. Ne4 O-O 13. Neg5 Nf5 14. g4 f6 15.
gxf5 fxg5 16. Bxc4 Kh8 17. Nxg5 exf5 18. Rg1 Nd8 19. Rxd8 1-0

[Event "Quebec-ch Elite"]
[Site "Montreal CAN"]
[Date "2010.05.09"]
[Round "5"]
[White "Sarrazin-Gendron, Roman"]
[Black "Dumont, Felix"]
[Result "1/2-1/2"]
[WhiteElo "1896"]
[BlackElo "1959"]
[PlyCount "35"]
[EventDate "2010.05.07"]
[EventType "swiss"]
[EventRounds "5"]
[EventCountry "CAN"]

1. Nf3 Nf6 2. c4 g6 3. Nc3 Bg7 4. e4 d6 5. d4 O-O 6. Be2 e5 7. O-O Nbd7 8. d5
Nc5 9. Qc2 a5 10. Ne1 Ne8 11. Be3 f5 12. f3 f4 13. Bf2 g5 14. g4 fxg3 15. hxg3
b6 16. g4 Nf6 17. Be3 h6 18. Rf2 1/2-1/2

[Event "Quebec-ch Elite"]
[Site "Montreal CAN"]
[Date "2010.05.09"]
[Round "5"]
[White "Zhu, Hong Rui"]
[Black "Jiang, Louie"]
[Result "0-1"]
[WhiteElo "1807"]
[BlackElo "2321"]
[PlyCount "108"]
[EventDate "2010.05.07"]
[EventType "swiss"]
[EventRounds "5"]
[EventCountry "CAN"]

1. e4 c5 2. Nf3 a6 3. d4 cxd4 4. Nxd4 Nf6 5. Nc3 e5 6. Nf3 d6 7. Bg5 Nbd7 8.
Nd5 h6 9. Bxf6 Nxf6 10. Nxf6+ Qxf6 11. Bc4 Be7 12. h3 O-O 13. Qd2 Qg6 14. Rg1
Qxe4+ 15. Be2 Be6 16. O-O-O Qa4 17. a3 e4 18. Qd4 Qc6 19. Nd2 d5 20. g4 Rac8
21. c3 Bf6 22. Qe3 d4 23. Qxe4 dxc3 24. Qxc6 cxd2+ 25. Rxd2 Rxc6+ 26. Kb1 b5
27. f4 Rfc8 28. f5 Bb3 29. Bd3 Bg5 30. Rdd1 Bxd1 31. Rxd1 Rc1+ 32. Rxc1 Rxc1+
33. Ka2 Rh1 34. a4 Rxh3 35. Bf1 Rf3 36. Be2 Rf2 37. Bd3 Bc1 38. Kb1 Bxb2 39.
axb5 axb5 40. Bxb5 Ba3 41. Bd3 Rb2+ 42. Ka1 Kf8 43. Bc4 f6 44. Be6 Ke7 45. Bg8
Kd6 46. Bf7 Kc5 47. g5 fxg5 48. Bh5 Kb4 49. f6 gxf6 50. Bg4 Kc3 51. Bd1 Rf2 52.
Bg4 Bb2+ 53. Ka2 Rf1 54. Bd1 Re1 0-1

[Event "Quebec-ch Elite POM"]
[Site "Montreal CAN"]
[Date "2010.10.08"]
[Round "1"]
[White "Chabot, Roland"]
[Black "Cote-Lalumiere, Tristan"]
[Result "1-0"]
[WhiteElo "2147"]
[BlackElo "1880"]
[PlyCount "67"]
[EventDate "2010.10.08"]
[EventType "swiss"]
[EventRounds "7"]
[EventCountry "CAN"]

1. d4 Nf6 2. c4 c5 3. d5 b5 4. Nf3 d6 5. cxb5 a6 6. b6 Qxb6 7. Nc3 g6 8. e4 Bg7
9. Nd2 O-O 10. Be2 Nbd7 11. Nc4 Qc7 12. a4 Nb6 13. Ne3 e6 14. a5 Nbd7 15. O-O
Bb7 16. Nc4 exd5 17. exd5 Rae8 18. Bf4 Ne5 19. Nxe5 dxe5 20. Be3 Rd8 21. Bc4
Rd6 22. Qb3 Ng4 23. Ne4 Nxe3 24. Qxe3 f5 25. Qxc5 Qxc5 26. Nxc5 Rb8 27. b4 Bf8
28. Rfd1 Bc8 29. Rab1 Kg7 30. Rb3 Be7 31. Rdb1 Bd8 32. b5 axb5 33. Rxb5 Ra8 34.
Rb8 1-0

[Event "Quebec-ch Elite POM"]
[Site "Montreal CAN"]
[Date "2010.10.08"]
[Round "1"]
[White "Clyde, Jordan"]
[Black "Bolduc, Steve"]
[Result "0-1"]
[WhiteElo "2007"]
[BlackElo "2281"]
[PlyCount "56"]
[EventDate "2010.10.08"]
[EventType "swiss"]
[EventRounds "7"]
[EventCountry "CAN"]

1. Nf3 Nf6 2. b3 d6 3. Bb2 e5 4. d3 g6 5. e3 Bg7 6. Be2 O-O 7. O-O b5 8. c4 a6
9. Na3 b4 10. Nc2 c5 11. a3 bxa3 12. Rxa3 Nc6 13. Bc3 Rb8 14. Qd2 Qe7 15. e4
Ng4 16. Rb1 Bh6 17. Qe1 f5 18. b4 Nd4 19. Bd1 fxe4 20. dxe4 Rxf3 21. Nxd4 exd4
22. gxf3 dxc3 23. fxg4 Bd2 24. Qe2 cxb4 25. Ra2 Bf4 26. Ra4 Qh4 27. f3 Qg5 28.
Qf2 Be3 0-1

[Event "Quebec-ch Elite POM"]
[Site "Montreal CAN"]
[Date "2010.10.08"]
[Round "1"]
[White "Dumont, Felix"]
[Black "Chevalier, Francois"]
[Result "1-0"]
[WhiteElo "2078"]
[BlackElo "1803"]
[PlyCount "75"]
[EventDate "2010.10.08"]
[EventType "swiss"]
[EventRounds "7"]
[EventCountry "CAN"]

1. e4 g6 2. d4 c6 3. Nc3 d5 4. Nf3 Bg7 5. Be2 Nh6 6. O-O O-O 7. h3 f6 8. b3 Nf7
9. Re1 Re8 10. exd5 cxd5 11. Bb5 Nc6 12. Na4 a6 13. Bxc6 bxc6 14. c3 e5 15. Bb2
e4 16. Nd2 f5 17. Nf1 Qf6 18. c4 Be6 19. cxd5 cxd5 20. Nc5 f4 21. Kh2 Bc8 22.
Rc1 Nh6 23. b4 Qh4 24. Qb3 Ng4+ 25. Kg1 Qxf2+ 26. Kh1 Nf6 27. Nxe4 Nxe4 28.
Rxe4 Be6 29. Rxe6 Rxe6 30. Qxd5 Rae8 31. Rc8 Qxf1+ 32. Kh2 Kf7 33. Rxe8 Kxe8
34. Qxe6+ Kf8 35. b5 Qd3 36. b6 Qg3+ 37. Kh1 f3 38. Ba3+ 1-0

[Event "Quebec-ch Elite POM"]
[Site "Montreal CAN"]
[Date "2010.10.08"]
[Round "1"]
[White "Hajiyev, Elshad"]
[Black "Roy, Myriam"]
[Result "0-1"]
[WhiteElo "2126"]
[BlackElo "1855"]
[PlyCount "90"]
[EventDate "2010.10.08"]
[EventType "swiss"]
[EventRounds "7"]
[EventCountry "CAN"]

1. d4 d5 2. Nf3 c6 3. c3 Nf6 4. Bg5 Nbd7 5. e3 e6 6. Bd3 Be7 7. Nbd2 c5 8. Rc1
b6 9. Ne5 Bb7 10. Qa4 O-O 11. Ndf3 Nxe5 12. dxe5 Ne4 13. Bf4 f5 14. exf6 Bxf6
15. Qc2 Qe7 16. Bxe4 dxe4 17. Nd2 e5 18. Bg3 Rad8 19. Nxe4 Ba6 20. Nxf6+ Qxf6
21. c4 e4 22. O-O Rd3 23. Qa4 Bb7 24. b4 h5 25. h4 g5 26. hxg5 Qxg5 27. Qxa7
Rf7 28. Qxb6 h4 29. Bf4 Qg4 30. Kh2 Rg7 31. Rg1 Rd2 32. Rcf1 Bc8 33. Qh6 Rg6
34. Qxg6+ Qxg6 35. Rd1 Rxd1 36. Rxd1 Qg4 37. Rd5 Bf5 38. b5 h3 39. gxh3 Qxh3+
40. Kg1 Kf7 41. b6 Bg4 42. Rg5 Bf3 43. Bh2 Qh6 44. Rf5+ Ke7 45. b7 Qg7+ 0-1

[Event "Quebec-ch Elite POM"]
[Site "Montreal CAN"]
[Date "2010.10.08"]
[Round "1"]
[White "Lawson, Eric"]
[Black "Sarrazin-Gendron, Roman"]
[Result "1-0"]
[WhiteElo "2379"]
[BlackElo "2010"]
[PlyCount "57"]
[EventDate "2010.10.08"]
[EventType "swiss"]
[EventRounds "7"]
[EventCountry "CAN"]

1. d4 Nf6 2. Bg5 g6 3. Bxf6 exf6 4. e3 d5 5. Nd2 Bg7 6. Bd3 b6 7. Qf3 Ba6 8.
Bxa6 Nxa6 9. c3 O-O 10. Ne2 c5 11. O-O c4 12. b3 cxb3 13. axb3 Nc7 14. c4 f5
15. Nc3 Qd7 16. Nxd5 Nxd5 17. Qxd5 Qxd5 18. cxd5 Rfd8 19. Ra6 f4 20. Rfa1 fxe3
21. fxe3 Bh6 22. Kf2 Rac8 23. Rxa7 Re8 24. Nc4 b5 25. d6 bxc4 26. d7 Bxe3+ 27.
Kf3 Bxd4 28. dxc8=Q Rxc8 29. Ra8 1-0

[Event "Quebec-ch Elite POM"]
[Site "Montreal CAN"]
[Date "2010.10.08"]
[Round "1"]
[White "Le Duin, Thierry"]
[Black "Qin, Zi Yi (Joey)"]
[Result "0-1"]
[WhiteElo "1902"]
[BlackElo "2190"]
[PlyCount "60"]
[EventDate "2010.10.08"]
[EventType "swiss"]
[EventRounds "7"]
[EventCountry "CAN"]

1. d4 Nf6 2. Nf3 g6 3. c4 Bg7 4. Nc3 O-O 5. Bg5 d6 6. e3 Nbd7 7. Be2 c6 8. O-O
Re8 9. h3 e5 10. a3 Qe7 11. Rc1 h6 12. Bh4 e4 13. Nd2 g5 14. Bg3 Nf8 15. b4 Bf5
16. c5 d5 17. b5 Qd7 18. bxc6 bxc6 19. Nb3 h5 20. Bxh5 Nxh5 21. Qxh5 Nh7 22.
Qe2 Re6 23. Rfe1 Rh6 24. Qf1 g4 25. hxg4 Bxg4 26. f3 exf3 27. gxf3 Rf6 28. f4
Rg6 29. Kf2 Nf6 30. Ne2 Ne4+ 0-1